LEADER 00820nam0-2200253 --450 001 9910593800103321 005 20220929175655.0 100 $a20220929d1950----kmuy0itay5050 ba 101 0 $aeng 102 $aGB 105 $a 001yy 200 1 $aLibertas as a political idea at Rome during the late republic and early principate$fby Ch. Wirszubski 210 $aCambridge$cat the University press$d1950 215 $aXI, 182 p.$d22 cm 225 1 $aCambridge classical studies 676 $a323.4409$v23$zita 700 1$aWirszubski,$bChaim$0311640 801 0$aIT$bUNINA$gREICAT$2UNIMARC 901 $aBK 912 $a9910593800103321 952 $aXXI A 76$b38423$fFGBC 959 $aFGBC 996 $aLibertas as a political idea at Rome during the late republic and early principate$92914473 997 $aUNINA